Overcoming human poverty (Record no. 224884)

MARC details
000 -LEADER
fixed length control field 00622nam a22002057a 4500
005 - DATE AND TIME OF LATEST TRANSACTION
control field 20221019111237.0
008 - FIXED-LENGTH DATA ELEMENTS--GENERAL INFORMATION
fixed length control field 221019b ||||| |||| 00| 0 eng d
020 ## - INTERNATIONAL STANDARD BOOK NUMBER
International Standard Book Number 9211261244
040 ## - CATALOGING SOURCE
Transcribing agency AL
041 ## - LANGUAGE CODE
Language code of text/sound track or separate title eng
082 ## - DEWEY DECIMAL CLASSIFICATION NUMBER
Edition number 23
Classification number 362.5
Item number UNIO
100 ## - MAIN ENTRY--PERSONAL NAME
Personal name United Nations Development Programme
100 ## - MAIN ENTRY--PERSONAL NAME
9 (RLIN) 59956
245 ## - TITLE STATEMENT
Title Overcoming human poverty
260 ## - PUBLICATION, DISTRIBUTION, ETC.
Place of publication, distribution, etc. New York
Name of publisher, distributor, etc. United Nations Development Programme
Date of publication, distribution, etc. 2000
300 ## - PHYSICAL DESCRIPTION
Extent 139p.
Other physical details PB
Dimensions 27x21cm.
650 ## - SUBJECT ADDED ENTRY--TOPICAL TERM
Topical term or geographic name entry element Poverty Reduction
9 (RLIN) 59957
650 ## - SUBJECT ADDED ENTRY--TOPICAL TERM
Topical term or geographic name entry element Focusing Resources on the Poor
9 (RLIN) 59958
700 ## - ADDED ENTRY--PERSONAL NAME
Personal name UNITED NATIONS DEVELOPMENT PROGRAMME
9 (RLIN) 59959
942 ## - ADDED ENTRY ELEMENTS (KOHA)
Source of classification or shelving scheme Dewey Decimal Classification
Koha item type Book

No items available.